书目信息 |
| 题名: |
期刊工作与二十世纪:全国高校图书馆第七次期刊工作学术研讨会论文集
|
|
| 作者: | 全国高校图书馆期刊工作研究会 主编 | |
| 分册: | ||
| 出版信息: | 北京 中国物价出版社 1999.06 |
|
| 页数: | 392页 | |
| 开本: | 16开 | |
| 丛书名: | ||
| 单 册: | ||
| 中图分类: | G255.2 | |
| 科图分类: | ||
| 主题词: | 图书馆学 , 图书馆事业 | |
| 电子资源: | ||
| ISBN: | 7-80070-441-6 | |
| 000 | 00809nam0 2200205 45 | |
| 001 | 0105310977 | |
| 005 | 20010531094017.3 | |
| 010 | @a7-80070-441-6@d40.00元 | |
| 100 | @a20010531d1999 km y0chiy0120 ea | |
| 101 | 0 | @achi |
| 105 | @a z 000yy | |
| 200 | 1 | @a期刊工作与二十世纪:全国高校图书馆第七次期刊工作学术研讨会论文集@AQi Kan Gong Zuo Yu Er Shi Shi Ji:Quan Guo Gao Xiao Tu Shu Guan Di Qi Ci Qi Kan Gong Zuo Xue Shu Yan Tao Hui Lun Wen Ji@f全国高校图书馆期刊工作研究会主编@FQuan Guo Gao Xiao Tu Shu Guan Qi Kan Gong Zuo Yan Jiu Hui Zhu Bian |
| 210 | @a北京@c中国物价出版社@d1999.06 | |
| 215 | @a392页@d16开 | |
| 606 | 0 | @a图书馆学 |
| 606 | 0 | @a图书馆事业 |
| 690 | @aG255.2@v3 | |
| 701 | 0 | @a全国高校图书馆期刊工作研究会@4主编 |
| 801 | @aCN@bPftUser@c20010531 | |
| 905 | @f3@b344952-954@dG255.2@eY915 | |
| 期刊工作与二十世纪:全国高校图书馆第七次期刊工作学术研讨会论文集/全国高校图书馆期刊工作研究会主编.-北京:中国物价出版社,1999.06 |
| 392页;16开 |
| ISBN 7-80070-441-6:40.00元 |
| ● |
| 相关链接 |
|
|
|
正题名:期刊工作与二十世纪:全国高校图书馆第七次
索取号:G255.2/Y915
 
预约/预借
| 序号 | 登录号 | 条形码 | 馆藏地/架位号 | 状态 | 备注 |
| 1 | 344952 | 203449526 | 社科库409/409社科库 59排6列4层/ [索取号:G255.2/Y915] | 在馆 | |
| 2 | 344953 | 203449535 | 社科库409/ [索取号:G255.2/Y915] | 在馆 | |
| 3 | 344954 | 203449544 | 社科库409/409社科库 59排6列5层/ [索取号:G255.2/Y915] | 在馆 |